Economic Policies at Cross-Purposes <The> United States and Developing Countries

Salvato in:
Dettagli Bibliografici
Autore principale: Krueger, Anne O.
Natura: Libro
Lingua:inglese
Pubblicazione: Washington The Brookings Institution 1993
Edizione:1. ed.
Soggetti:
Tags: Aggiungi Tag
Nessun Tag, puoi essere il primo ad aggiungerne!!

MARC

LEADER 00000nam a2200000 4500
001 c019356
005 20221206074356.3
020 |a 0-8157-5054-4 
041 0 |a eng 
044 |a US 
245 1 0 |a Economic Policies at Cross-Purposes  |b <The> United States and Developing Countries  |c Anne O. Krueger 
250 |a 1. ed. 
264 1 |a Washington  |b The Brookings Institution  |c 1993 
300 |a 253 s. 
610 2 0 |a obchod medzinárodný 
610 2 0 |a hospodárstvo svetové 
610 2 0 |a pomoc hospodárska 
610 2 0 |a pomoc medzinárodná 
610 2 0 |a financie medzinárodné 
610 2 0 |a politika hospodárska medzinárodná 
610 2 0 |a politika obchodná 
610 2 0 |a krajiny rozvojové 
610 2 0 |a USA 
100 1 |a Krueger, Anne O.